U.S. States Featured in American Truck Simulator - Statistics

General Stats
  • This quiz has been taken 97 times
    46 since last reset
  • The average score is 12 of 14
Answer Stats
Released Letter State % Correct
Feb 2, 2016 C California
98%
Feb 2, 2016 N Nevada
98%
Jun 6, 2016 A Arizona
93%
Nov 7, 2019 U Utah
93%
Nov 9, 2017 N New Mexico
88%
Oct 4, 2018 O Oregon
88%
Jun 11, 2019 W Washington
88%
Sep 7, 2021 W Wyoming
88%
Nov 12, 2020 C Colorado
85%
Jul 16, 2020 I Idaho
85%
Nov 15, 2022 T Texas
85%
Nov 30, 2023 K Kansas
83%
Aug 4, 2022 M Montana
83%
Aug 1, 2023 O Oklahoma
83%
No matching quizzes found
Score Distribution
Percent of People with Each Score
Percentile by Number Answered
Your Score History
You have not taken this quiz since the last reset